BIBLIOTECA

SENCICO

Planificación con el pueblo : Una estrategia de gestión municipal Ate - Vitarte (Registro nro. 2112)

Detalles MARC
000 -LEADER
fixed length control field 00777nam a2200193Ia 4500
005 - DATE AND TIME OF LATEST TRANSACTION
control field 20251020182532.0
008 - FIXED-LENGTH DATA ELEMENTS--GENERAL INFORMATION
fixed length control field 200515s9999 xx 000 0 und d
082 ## - DEWEY DECIMAL CLASSIFICATION NUMBER
Classification number 711.4/I71
100 ## - MAIN ENTRY--PERSONAL NAME
Personal name IRIGOYEN, Marina CHIPOCO, Teresa CHENG, Alberto
245 #0 - TITLE STATEMENT
Title Planificación con el pueblo : Una estrategia de gestión municipal Ate - Vitarte
260 ## - PUBLICATION, DISTRIBUTION, ETC.
Place of publication, distribution, etc. Lima
260 ## - PUBLICATION, DISTRIBUTION, ETC.
Date of publication, distribution, etc. s.a.
500 ## - GENERAL NOTE
General note 1 ejemplar
520 ## - SUMMARY, ETC.
Summary, etc. Con fines expositivos el estudio ha sido presentado en tres grandes partes. La primera, acerca de los problemas y el proceso del distrito de Ate - Vitarte, la ocupación y uso del suelo y las condiciones de habitabilidad. En la segunda parte se esboza un r
650 ## - SUBJECT ADDED ENTRY--TOPICAL TERM
Topical term or geographic name entry element GOBIERNO MUNICIPAL
650 ## - SUBJECT ADDED ENTRY--TOPICAL TERM
Topical term or geographic name entry element LIB
650 ## - SUBJECT ADDED ENTRY--TOPICAL TERM
Topical term or geographic name entry element PLANIFICACION URBANA
942 ## - ADDED ENTRY ELEMENTS (KOHA)
Koha item type Libros
Existencias
Fecha de la última vez que lo usaron Pago total Signatura topográfica completa Código de barras Precio efectivo desde Tipo de documento Estado perdido Estado dañado No es para préstamo Retirado Ubicación permanente Ubicación actual Fecha de adquisición
15/05/2020   711.4/I71 Bib-Lima15052112 15/05/2020 Libros         Biblioteca Central Lima Biblioteca Central Lima 15/05/2020